[Event "4NCL Division Three East"]
[Site "Milton Keynes, ENG"]
[Date "2023.05.01"]
[Round "11.13"]
[White "Ursell, Adam R"]
[Black "Lewis, Andrew P"]
[Result "1/2-1/2"]
[WhiteElo "1923"]
[BlackElo "2230"]
[PlyCount "74"]
[EventDate "2023.05.01"]
[WhiteTeam "Sussex Martlets 2"]
[BlackTeam "Anglian Avengers 1"]

1. e4 c5 2. Nf3 Nc6 3. Bb5 d6 4. O-O Bd7 5. Re1 Nf6 6. c3 a6 7. Bf1 Bg4 8. h3
Bh5 9. d3 e6 10. a4 Be7 11. Nbd2 O-O 12. g4 Bg6 13. Nh4 d5 14. Nxg6 hxg6 15.
Bg2 Qc7 16. Qe2 Bd6 17. Nf3 dxe4 18. dxe4 Nd7 19. Be3 Bf4 20. Red1 Rad8 21. Rd2
Bxe3 22. Qxe3 Nce5 23. Nxe5 Nxe5 24. Rdd1 c4 25. Bf1 g5 26. Be2 f6 27. Rd4 b5
28. axb5 axb5 29. Rad1 Ng6 30. Qd2 Rxd4 31. Qxd4 Nf4 32. Bf1 e5 33. Qd7 Qxd7
34. Rxd7 Rb8 35. f3 Ne6 36. Kf2 Nc5 37. Rd5 Ne6 1/2-1/2

[Event "4NCL Division Three East"]
[Site "Milton Keynes, ENG"]
[Date "2023.05.01"]
[Round "11.14"]
[White "Talsma, Paul"]
[Black "Hedger, Alec"]
[Result "1/2-1/2"]
[WhiteElo "2170"]
[BlackElo "2007"]
[PlyCount "71"]
[EventDate "2023.05.01"]
[WhiteTeam "Anglian Avengers 1"]
[BlackTeam "Sussex Martlets 2"]

1. d4 d5 2. c4 e6 3. Nc3 c6 4. Nf3 dxc4 5. a4 Bb4 6. e3 b5 7. Bd2 a5 8. Rb1
Bxc3 9. bxc3 Qd5 10. e4 Qxe4+ 11. Be2 Bd7 12. O-O f6 13. Re1 Qd5 14. axb5 cxb5
15. Ne5 Qd6 16. Bf3 Ra6 17. Bf4 fxe5 18. Bxe5 Qe7 19. Bh5+ g6 20. Bxh8 gxh5 21.
d5 Nf6 22. Bxf6 Qxf6 23. Qxh5+ Kd8 24. dxe6 Rxe6 25. Rxe6 Qxe6 26. Rd1 Kc7 27.
Qxh7 b4 28. h4 b3 29. h5 Qf5 30. Qg8 Be6 31. Qd8+ Kb7 32. Qe7+ Nd7 33. h6 Qh5
34. Rxd7+ Bxd7 35. Qxd7+ Kb6 36. Qd6+ 1/2-1/2

[Event "4NCL Division Three East"]
[Site "Milton Keynes, ENG"]
[Date "2023.05.01"]
[Round "11.15"]
[White "Graham, William M"]
[Black "Walker, Martin G"]
[Result "0-1"]
[WhiteElo "1995"]
[BlackElo "2199"]
[PlyCount "74"]
[EventDate "2023.05.01"]
[WhiteTeam "Sussex Martlets 2"]
[BlackTeam "Anglian Avengers 1"]

1. c4 e5 2. g3 Nf6 3. Bg2 Bc5 4. Nc3 O-O 5. e3 Re8 6. Nge2 d6 7. O-O Nc6 8. h3
Bf5 9. e4 Bg6 10. d3 Nd4 11. Kh2 Nd7 12. Nxd4 Bxd4 13. Ne2 Bb6 14. f4 f6 15.
Bd2 Bf7 16. Bc3 Nf8 17. b3 Ne6 18. Qc2 Be3 19. Rad1 exf4 20. gxf4 Bh5 21. Bf3
Nxf4 22. Bxh5 Nxh5 23. Rf5 g6 24. Rf3 Bh6 25. Rg1 Bg7 26. Rg4 Qd7 27. Rh4 f5
28. Rxh5 fxe4 29. dxe4 gxh5 30. Rg3 Re5 31. Nd4 Kh8 32. Nf5 Bf6 33. Qd2 Rxf5
34. exf5 Qxf5 35. Rg5 Qf3 36. Rg3 Bxc3 37. Qc2 Be5 0-1

[Event "4NCL Division Three East"]
[Site "Milton Keynes, ENG"]
[Date "2023.05.01"]
[Round "11.16"]
[White "Peck, Silas"]
[Black "Honarvar, Hooman"]
[Result "1-0"]
[WhiteElo "2052"]
[BlackElo "1865"]
[PlyCount "107"]
[EventDate "2023.05.01"]
[WhiteTeam "Anglian Avengers 1"]
[BlackTeam "Sussex Martlets 2"]

1. e4 c6 2. d4 d5 3. e5 Bf5 4. Nf3 e6 5. Be2 c5 6. Be3 Qb6 7. Nc3 Nc6 8. Na4
Qa5+ 9. c3 cxd4 10. Nxd4 Nxd4 11. Bxd4 Ne7 12. b4 Qc7 13. O-O Nc6 14. Bb5 Be7
15. Re1 h5 16. Nc5 h4 17. Qa4 Kf8 18. Bxc6 bxc6 19. Na6 Qb7 20. h3 Rh6 21. Nc5
Qc7 22. Na6 Qc8 23. Bc5 Rg6 24. Bxe7+ Kxe7 25. Kh1 Bd3 26. Nc5 Bb5 27. Qd1 a5
28. Qd4 Qh8 29. a4 Bc4 30. Nb7 f6 31. Qc5+ Kf7 32. Nd6+ Kg8 33. Nxc4 dxc4 34.
Qxc6 Rf8 35. Qxe6+ Kh7 36. Qxc4 fxe5 37. Qxh4+ Rh6 38. Qe4+ Rg6 39. Re2 Qg8 40.
Qxe5 Qc4 41. b5 Qh4 42. Qe4 Qf6 43. Rc1 Qd6 44. g3 Qa3 45. Rd1 Rff6 46. Rd5
Qc1+ 47. Kh2 Qh6 48. Qh4 Qxh4 49. gxh4 Rf3 50. Rb2 Rxc3 51. b6 Rc1 52. b7 Rcg1
53. Rh5+ Kg8 54. b8=Q+ 1-0

[Event "4NCL Division Three East"]
[Site "Milton Keynes, ENG"]
[Date "2023.05.01"]
[Round "11.21"]
[White "Cox, Toby"]
[Black "Cooksey, Paul S"]
[Result "0-1"]
[WhiteElo "2183"]
[BlackElo "2250"]
[PlyCount "56"]
[EventDate "2023.05.01"]
[WhiteTeam "MK Phoenix 1"]
[BlackTeam "Crowthorne A"]

1. e4 c6 2. d4 d5 3. exd5 cxd5 4. c4 Nf6 5. Nc3 Nc6 6. Bg5 dxc4 7. d5 Ne5 8.
Qd4 h6 9. Be3 Nd3+ 10. Kd2 e5 11. Qxc4 Nb4 12. Rd1 Bd6 13. Bc5 Na6 14. Bxd6
Qxd6 15. Qb5+ Nd7 16. Ne4 Qg6 17. Bd3 f5 18. Ng3 O-O 19. h4 Nb6 20. Ke1 e4 21.
Be2 Bd7 22. Qa5 f4 23. Bh5 Qh7 24. Nf1 Rac8 25. Be2 Qg6 26. Rh2 Rc2 27. Rd2
Rfc8 28. Nh3 Qf6 0-1

[Event "4NCL Division Three East"]
[Site "Milton Keynes, ENG"]
[Date "2023.05.01"]
[Round "11.22"]
[White "Webb, Richard M"]
[Black "Tippleston, Charles E"]
[Result "1/2-1/2"]
[WhiteElo "2179"]
[BlackElo "2045"]
[PlyCount "35"]
[EventDate "2023.05.01"]
[WhiteTeam "Crowthorne A"]
[BlackTeam "MK Phoenix 1"]

1. e4 c5 2. Nc3 e6 3. Nf3 Nc6 4. Bb5 Nd4 5. O-O a6 6. Bd3 Nc6 7. b3 d6 8. Bb2
Nf6 9. Re1 e5 10. Nd5 Be7 11. Nxe7 Qxe7 12. h3 O-O 13. Bf1 Qc7 14. c3 Re8 15.
Rc1 b5 16. d4 Bb7 17. Bd3 Rad8 18. d5 1/2-1/2

[Event "4NCL Division Three East"]
[Site "Milton Keynes, ENG"]
[Date "2023.05.01"]
[Round "11.23"]
[White "Lambourne, Dan M"]
[Black "Thompson, Ian D"]
[Result "1/2-1/2"]
[WhiteElo "1955"]
[BlackElo "2078"]
[PlyCount "73"]
[EventDate "2023.05.01"]
[WhiteTeam "MK Phoenix 1"]
[BlackTeam "Crowthorne A"]

1. d4 d5 2. Nf3 Nf6 3. Bf4 g6 4. e3 Bg7 5. Nbd2 O-O 6. c3 c5 7. Bd3 Nbd7 8. O-O
b6 9. Ne5 Bb7 10. Qf3 Nh5 11. Nxd7 Qxd7 12. Rad1 Nxf4 13. Qxf4 Rae8 14. Nf3 f6
15. Qh4 e5 16. dxe5 fxe5 17. Bc4 Bf6 18. Qg3 Qe6 19. Bb3 e4 20. Ng5 Bxg5 21.
Qxg5 Rf5 22. Qg3 Ba6 23. Rfe1 Bd3 24. Rd2 c4 25. Bd1 Qf6 26. Bg4 Rfe5 27. h4
Kh8 28. Bd1 Rg8 29. Qg4 Qe7 30. f4 exf3 31. Bxf3 Be4 32. Bxe4 Rxe4 33. Qg5 Qxg5
34. hxg5 Rd8 35. Red1 Rxe3 36. Rxd5 Rxd5 37. Rxd5 1/2-1/2

[Event "4NCL Division Three East"]
[Site "Milton Keynes, ENG"]
[Date "2023.05.01"]
[Round "11.24"]
[White "Duckers, Harvey L"]
[Black "Brown, Alan M"]
[Result "0-1"]
[WhiteElo "2022"]
[BlackElo "1988"]
[PlyCount "119"]
[EventDate "2023.05.01"]
[WhiteTeam "Crowthorne A"]
[BlackTeam "MK Phoenix 1"]

1. Nf3 Nf6 2. c4 e6 3. g3 b6 4. Bg2 Bb7 5. O-O Be7 6. b3 O-O 7. Bb2 d6 8. Nc3
Nbd7 9. Qc2 d5 10. Rac1 c5 11. cxd5 Nxd5 12. Nxd5 Bxd5 13. e4 Bb7 14. d4 cxd4
15. Nxd4 Rc8 16. Qe2 Nc5 17. Rfd1 Qe8 18. Qe3 Na6 19. Qe2 Rxc1 20. Rxc1 Qa8 21.
Qg4 Bf6 22. Re1 Nc5 23. Re3 Rd8 24. e5 Be7 25. Bf1 Ba6 26. Bh3 Nd3 27. Bg2 Qc8
28. Nc6 Rd7 29. Bd4 Nb4 30. Rc3 Nxc6 31. Bxc6 Rc7 32. Qe4 Bc5 33. Ba4 Bb7 34.
Qc2 Qd8 35. Bxc5 Qd5 36. f3 Rxc5 37. Rxc5 bxc5 38. Qe2 Qxf3 39. Qxf3 Bxf3 40.
Kf2 Bd5 41. Ke3 f6 42. exf6 gxf6 43. a3 a5 44. Kd3 Kf7 45. Kc3 Kg6 46. Bb5 Kg5
47. Be2 h6 48. b4 cxb4+ 49. axb4 axb4+ 50. Kxb4 Kf5 51. Kc5 Ke4 52. Kd6 f5 53.
Bf1 Kd4 54. Bh3 Bc4 55. g4 f4 56. Bg2 e5 57. h4 e4 58. g5 hxg5 59. hxg5 f3 60.
Bh3 0-1

[Event "4NCL Division Three East"]
[Site "Milton Keynes, ENG"]
[Date "2023.05.01"]
[Round "11.25"]
[White "Elwin, Adrian G"]
[Black "Purdon, Colin"]
[Result "0-1"]
[WhiteElo "1956"]
[BlackElo "1975"]
[PlyCount "100"]
[EventDate "2023.05.01"]
[WhiteTeam "MK Phoenix 1"]
[BlackTeam "Crowthorne A"]

1. d4 Nf6 2. Nf3 g6 3. c4 Bg7 4. Nc3 d5 5. Qb3 dxc4 6. Qxc4 O-O 7. e4 a6 8. Bf4
b5 9. Qxc7 Qxc7 10. Bxc7 b4 11. Na4 Nbd7 12. Bd3 Bb7 13. O-O Bc6 14. Nb6 Nxb6
15. Bxb6 Bxe4 16. Bxe4 Nxe4 17. Rfe1 f5 18. Ne5 Bxe5 19. dxe5 Rab8 20. Be3 Rbc8
21. Rac1 Rxc1 22. Rxc1 f4 23. Bb6 Rb8 24. Rc4 Rxb6 25. Rxe4 g5 26. h4 h6 27.
Kh2 Kf7 28. hxg5 hxg5 29. g3 Ke6 30. f3 fxg3+ 31. Kxg3 Kf5 32. Rc4 Kxe5 33. Kg4
Kf6 34. f4 gxf4 35. Kxf4 e6 36. Ke4 Rb5 37. a3 bxa3 38. bxa3 Rh5 39. Rc8 Rh4+
40. Ke3 Rh3+ 41. Ke4 Rxa3 42. Rf8+ Ke7 43. Rb8 a5 44. Rb7+ Kf6 45. Rb5 Ra4+ 46.
Ke3 Ra1 47. Ke4 a4 48. Ra5 a3 49. Kf3 a2 50. Kg2 e5 0-1

[Event "4NCL Division Three East"]
[Site "Milton Keynes, ENG"]
[Date "2023.05.01"]
[Round "11.26"]
[White "Tart, Peter K"]
[Black "Smith, Graham"]
[Result "1-0"]
[WhiteElo "1856"]
[BlackElo "1883"]
[PlyCount "71"]
[EventDate "2023.05.01"]
[WhiteTeam "Crowthorne A"]
[BlackTeam "MK Phoenix 1"]

1. e4 c6 2. d4 d5 3. Bd3 dxe4 4. Bxe4 Nf6 5. Bf3 Bf5 6. g4 Bg6 7. h4 h5 8. g5
Nd5 9. Ne2 Na6 10. a3 Qb6 11. c4 Ndc7 12. Nbc3 Ne6 13. Be3 Qxb2 14. Ra2 Qb6 15.
O-O O-O-O 16. d5 Nec5 17. Nf4 Bf5 18. Qe2 e6 19. dxc6 bxc6 20. Rb2 Qc7 21. Nb5
cxb5 22. cxb5 Nb8 23. Rc1 Bd6 24. Rb4 Nbd7 25. Bc6 Nb6 26. Bxc5 Bxf4 27. Bxb6
axb6 28. Rcc4 Bd3 29. Qf3 Bxc4 30. Rxc4 Qd6 31. Ba8+ Kd7 32. Rxf4 Rxa8 33. Qb7+
Ke8 34. Qxa8+ Qd8 35. Qxd8+ Kxd8 36. Rxf7 1-0

[Event "4NCL Division Three East"]
[Site "Milton Keynes, ENG"]
[Date "2023.05.01"]
[Round "11.31"]
[White "Seymour, Timothy P"]
[Black "Hughes, Roy"]
[Result "1-0"]
[WhiteElo "2116"]
[BlackElo "2050"]
[PlyCount "61"]
[EventDate "2023.05.01"]
[WhiteTeam "Surbiton"]
[BlackTeam "Iceni 1"]

1. Nf3 d5 2. e3 Nf6 3. c4 c6 4. Nc3 a6 5. Be2 dxc4 6. Bxc4 b5 7. Bb3 e6 8. d4
Bb7 9. O-O c5 10. e4 cxd4 11. Nxd4 Bc5 12. Be3 Qe7 13. e5 Nfd7 14. Qg4 g6 15.
Bg5 Qf8 16. Ne4 Bxe4 17. Qxe4 Ra7 18. Nc6 h6 19. Bh4 g5 20. Nxa7 Bxa7 21. Qb7
Bb6 22. Bg3 h5 23. h4 Qe7 24. Rac1 gxh4 25. Bf4 h3 26. gxh3 Qh4 27. Qf3 Ke7 28.
Kh2 Bd4 29. Rce1 Nc6 30. Bg3 Ncxe5 31. Bxh4+ 1-0

[Event "4NCL Division Three East"]
[Site "Milton Keynes, ENG"]
[Date "2023.05.01"]
[Round "11.32"]
[White "Ortiz Sanchez, Luis"]
[Black "Scott, David A"]
[Result "0-1"]
[WhiteElo "2056"]
[BlackElo "2063"]
[PlyCount "102"]
[EventDate "2023.05.01"]
[WhiteTeam "Iceni 1"]
[BlackTeam "Surbiton"]

1. d4 d5 2. Nf3 Nf6 3. c3 c6 4. Qc2 g6 5. Bf4 Bf5 6. Qb3 Qb6 7. Nbd2 Nbd7 8. h3
h6 9. e3 Bg7 10. Be2 O-O 11. O-O c5 12. dxc5 Nxc5 13. Qxb6 axb6 14. Bb5 Bd3 15.
Bxd3 Nxd3 16. Be5 Nxb2 17. Rfb1 Na4 18. Rb3 Nd7 19. Bxg7 Kxg7 20. c4 Ndc5 21.
Rb5 Ra6 22. Nd4 Nc3 23. Rb2 Rfa8 24. a3 Rxa3 25. Rxa3 Rxa3 26. cxd5 Nxd5 27.
Nc4 Ra1+ 28. Kh2 Na4 29. Rc2 Nb4 30. Rd2 Ra2 31. Rxa2 Nxa2 32. Kg3 N2c3 33. Kf3
f5 34. g4 Kf6 35. gxf5 gxf5 36. h4 e5 37. Nc2 Ke6 38. Nb4 Nd5 39. Nc2 b5 40.
Nd2 Nc5 41. e4 fxe4+ 42. Nxe4 Nxe4 43. Kxe4 b4 44. f4 Nc3+ 45. Kd3 e4+ 46. Kc4
Kf5 47. Kxb4 Ne2 48. Kc4 Kxf4 49. Nb4 Ng3 50. Nd5+ Kf3 51. Kd4 Nf5+ 0-1

[Event "4NCL Division Three East"]
[Site "Milton Keynes, ENG"]
[Date "2023.05.01"]
[Round "11.33"]
[White "Dupre, Paul D"]
[Black "Sagues, Vincent"]
[Result "0-1"]
[WhiteElo "1943"]
[BlackElo "2066"]
[PlyCount "74"]
[EventDate "2023.05.01"]
[WhiteTeam "Surbiton"]
[BlackTeam "Iceni 1"]

1. d4 d5 2. c4 c6 3. cxd5 cxd5 4. Nc3 Nf6 5. f3 Nc6 6. Bg5 e6 7. e3 Be7 8. Bd3
O-O 9. Nge2 e5 10. dxe5 Nxe5 11. Bc2 Be6 12. O-O h6 13. Bf4 Nc6 14. Kh1 Qd7 15.
Nd4 Bd6 16. Nxe6 fxe6 17. Bxd6 Qxd6 18. e4 Rad8 19. exd5 exd5 20. a3 Kh8 21. b4
d4 22. Ne4 Nxe4 23. Bxe4 Rf7 24. Qb3 Re7 25. Rad1 Ne5 26. Bb1 b5 27. Rfe1 Rde8
28. f4 Ng4 29. Rxe7 Qxe7 30. Qg3 Qe2 31. Rc1 d3 32. Bxd3 Nf2+ 33. Kg1 Nxd3 34.
Rf1 Qe3+ 35. Qxe3 Rxe3 36. g3 Re1 37. Rxe1 Nxe1 0-1

[Event "4NCL Division Three East"]
[Site "Milton Keynes, ENG"]
[Date "2023.05.01"]
[Round "11.34"]
[White "Calvert, D Ian"]
[Black "Faulks, Nick"]
[Result "1/2-1/2"]
[WhiteElo "2022"]
[BlackElo "1804"]
[PlyCount "33"]
[EventDate "2023.05.01"]
[WhiteTeam "Iceni 1"]
[BlackTeam "Surbiton"]

1. b3 e5 2. Bb2 Nc6 3. e3 Nf6 4. Nf3 e4 5. Nd4 Bc5 6. Nxc6 dxc6 7. d4 Bd6 8.
Be2 Bf5 9. c4 Qd7 10. Nc3 h5 11. h3 h4 12. Qc2 Rh6 13. O-O-O Rg6 14. Rhg1 Bh2
15. Rh1 Bd6 16. Rhg1 Bh2 17. Rh1 1/2-1/2

[Event "4NCL Division Three East"]
[Site "Milton Keynes, ENG"]
[Date "2023.05.01"]
[Round "11.35"]
[White "Alcock, Graham P"]
[Black "Reynolds, D Ian W"]
[Result "1/2-1/2"]
[WhiteElo "1749"]
[BlackElo "1911"]
[PlyCount "47"]
[EventDate "2023.05.01"]
[WhiteTeam "Surbiton"]
[BlackTeam "Iceni 1"]

1. e4 e5 2. Nf3 Nc6 3. c3 d5 4. Qa4 f6 5. Bb5 Nge7 6. exd5 Qxd5 7. O-O Be6 8.
d4 e4 9. c4 Qd7 10. d5 exf3 11. dxc6 Nxc6 12. Rd1 Qc8 13. Bxc6+ bxc6 14. Qxc6+
Kf7 15. Qxf3 Bxc4 16. Qc6 Be6 17. Bf4 Bb4 18. Qxc7+ Qxc7 19. Bxc7 Rac8 20. Bf4
Rcd8 21. Rxd8 Rxd8 22. Nc3 Bxc3 23. bxc3 Rd3 24. Be3 1/2-1/2

[Event "4NCL Division Three East"]
[Site "Milton Keynes, ENG"]
[Date "2023.05.01"]
[Round "11.36"]
[White "Gibbs, Dominic V"]
[Black "Boughen, Andrew"]
[Result "1-0"]
[WhiteElo "1948"]
[BlackElo "1775"]
[PlyCount "81"]
[EventDate "2023.05.01"]
[WhiteTeam "Iceni 1"]
[BlackTeam "Surbiton"]

1. e4 c6 2. d3 d5 3. Nd2 dxe4 4. dxe4 Nf6 5. Be2 Qc7 6. Ngf3 Bg4 7. O-O Nbd7 8.
b4 e6 9. a3 Bxf3 10. Bxf3 Ne5 11. Be2 Rd8 12. f4 Nxe4 13. Qe1 Nxd2 14. Bxd2 Nd7
15. Bc3 Nf6 16. f5 Bd6 17. fxe6 Bxh2+ 18. Kh1 O-O 19. e7 Qxe7 20. Kxh2 Rde8 21.
Qg3 Qxe2 22. Bxf6 Qh5+ 23. Kg1 Qh6 24. Qg5 Qxg5 25. Bxg5 Re2 26. Rf2 Rfe8 27.
Rxe2 Rxe2 28. Rd1 h6 29. Bd2 f5 30. Kf1 Re7 31. Bc3 Kf7 32. Kf2 g5 33. Rd6 h5
34. Rf6+ Ke8 35. Rxf5 Rf7 36. Rxf7 Kxf7 37. Kf3 Ke6 38. Ke4 b6 39. Bd2 g4 40.
g3 c5 41. b5 1-0

[Event "4NCL Division Three East"]
[Site "Milton Keynes, ENG"]
[Date "2023.05.01"]
[Round "11.41"]
[White "Atako, Chino C"]
[Black "Brown, Thomas"]
[Result "1/2-1/2"]
[WhiteElo "2039"]
[BlackElo "2104"]
[PlyCount "125"]
[EventDate "2023.05.01"]
[WhiteTeam "Cambridge University 2"]
[BlackTeam "Rhyfelwyr Essyllwg"]

1. e4 c6 2. d4 d5 3. Nc3 dxe4 4. Nxe4 Bf5 5. Ng3 Bg6 6. h4 h6 7. h5 Bh7 8. Nf3
e6 9. Bd3 Bxd3 10. Qxd3 Nd7 11. Bd2 Ngf6 12. O-O-O Be7 13. Kb1 O-O 14. Qe2 Re8
15. Ne5 c5 16. Nxd7 Qxd7 17. dxc5 Qc6 18. f3 Bxc5 19. Bc3 Nd5 20. Bd2 Rac8 21.
c4 Bd4 22. Bc1 Qxc4 23. Qxc4 Rxc4 24. Rh4 e5 25. Nf5 Rb4 26. a3 Rb6 27. Ka2 Nf6
28. Nxd4 exd4 29. Rdxd4 Re2 30. g4 Rc6 31. Rh1 Rf2 32. Rd3 Rc7 33. Kb1 Re7 34.
Bd2 Rd7 35. Rxd7 Nxd7 36. Rd1 Rxf3 37. Bxh6 gxh6 38. Rxd7 Rb3 39. Kc2 Rb6 40.
b4 Kg7 41. Kd3 Kf6 42. Ke4 Ra6 43. Rxb7 Rxa3 44. Kd4 Rg3 45. Rxa7 Rxg4+ 46. Kc5
Rg5+ 47. Kc6 Rxh5 48. b5 Rh1 49. b6 Rc1+ 50. Kd7 Rb1 51. Ra6 Kg5 52. Ra5+ f5
53. Kc6 Kg4 54. Rb5 Rc1+ 55. Kd7 Rd1+ 56. Ke7 Re1+ 57. Kf7 Rd1 58. b7 Rd8 59.
b8=Q Rxb8 60. Rxb8 f4 61. Rb4 Kg3 62. Kg6 f3 63. Rb3 1/2-1/2

[Event "4NCL Division Three East"]
[Site "Milton Keynes, ENG"]
[Date "2023.05.01"]
[Round "11.42"]
[White "Smith, Olivia"]
[Black "Lee, Richard W Y"]
[Result "1/2-1/2"]
[WhiteElo "2085"]
[BlackElo "2088"]
[PlyCount "90"]
[EventDate "2023.05.01"]
[WhiteTeam "Rhyfelwyr Essyllwg"]
[BlackTeam "Cambridge University 2"]

1. e4 e5 2. Nf3 Nf6 3. Nxe5 d6 4. Nf3 Nxe4 5. Nc3 Nxc3 6. dxc3 Be7 7. Be3 Nc6
8. Qd2 Be6 9. O-O-O Qd7 10. Kb1 Bf6 11. h4 O-O-O 12. Ng5 Bf5 13. Bb5 h6 14. Nf3
a6 15. Ba4 b5 16. Bb3 Be4 17. Bd5 Qf5 18. Bxe4 Qxe4 19. Rhe1 Qc4 20. g3 Rhe8
21. Bd4 Nxd4 22. Nxd4 b4 23. Qd3 Qxd3 24. cxd3 bxc3 25. bxc3 Kd7 26. Kc2 h5 27.
Nf5 Rb8 28. Rxe8 Rxe8 29. Ne3 Re5 30. a4 g6 31. d4 Re8 32. Kd3 Rb8 33. Rd2 Rb1
34. Ra2 c6 35. Kc2 Re1 36. Kd3 Rb1 37. Kc2 Re1 38. Kd2 Rb1 39. Kd3 d5 40. Kc2
Re1 41. Kd2 Rb1 42. Kc2 Re1 43. Kd3 Rb1 44. Kc2 Re1 45. Kd2 Rb1 1/2-1/2

[Event "4NCL Division Three East"]
[Site "Milton Keynes, ENG"]
[Date "2023.05.01"]
[Round "11.43"]
[White "Gooding, Ian"]
[Black "Hewitt, William"]
[Result "1-0"]
[WhiteElo "1961"]
[BlackElo "1997"]
[PlyCount "99"]
[EventDate "2023.05.01"]
[WhiteTeam "Cambridge University 2"]
[BlackTeam "Rhyfelwyr Essyllwg"]

1. e4 c6 2. c4 d5 3. cxd5 cxd5 4. exd5 Nf6 5. Nc3 Nxd5 6. Nf3 Nc6 7. Bb5 g6 8.
Qa4 Nb6 9. Bxc6+ bxc6 10. Qxc6+ Bd7 11. Qe4 Bf5 12. Qe5 f6 13. Qb5+ Kf7 14. d4
Be6 15. b3 Rc8 16. Bb2 Nd5 17. Nxd5 Bxd5 18. O-O Bh6 19. Qd3 Qc7 20. Rfe1 Qc2
21. Qe2 e6 22. Ba3 Rhd8 23. Bc5 Qf5 24. b4 Bf4 25. a4 Qh5 26. h3 Bb8 27. Nh2
Qf5 28. Ng4 Qg5 29. Ne3 Qf4 30. Nf1 h5 31. Qe3 Rd7 32. Qxf4 Bxf4 33. Ne3 Ba8
34. g3 Bb8 35. Rad1 Bc6 36. b5 Bf3 37. Rc1 e5 38. dxe5 Bxe5 39. Ba3 Rxc1 40.
Rxc1 Rd4 41. Nc4 Bb8 42. Bc5 Rd5 43. Na5 h4 44. Nc6 Bc7 45. Bxa7 hxg3 46. Be3
gxf2+ 47. Kxf2 Bd1 48. Nd4 Bxa4 49. Rxc7+ Ke8 50. b6 1-0

[Event "4NCL Division Three East"]
[Site "Milton Keynes, ENG"]
[Date "2023.05.01"]
[Round "11.44"]
[White "Young, Alan"]
[Black "Alldritt, Nigel R E"]
[Result "1/2-1/2"]
[WhiteElo "2051"]
[BlackElo "2001"]
[PlyCount "79"]
[EventDate "2023.05.01"]
[WhiteTeam "Rhyfelwyr Essyllwg"]
[BlackTeam "Cambridge University 2"]

1. e4 e6 2. d4 d5 3. Nc3 Bb4 4. e5 c5 5. a3 Bxc3+ 6. bxc3 Ne7 7. Qg4 O-O 8. Bd3
f5 9. exf6 Rxf6 10. Bg5 Rf7 11. Qh5 g6 12. Qd1 Qa5 13. Bd2 Nd7 14. Nf3 c4 15.
Be2 Nc6 16. h4 Nf6 17. O-O Ne4 18. Ng5 Nxg5 19. hxg5 Bd7 20. Bg4 Re8 21. Qe2
Qc7 22. Rae1 e5 23. Bxd7 Qxd7 24. dxe5 Rxe5 25. Qd1 Rfe7 26. Rxe5 Rxe5 27. Be3
b6 28. Qd2 Re8 29. Rd1 Rd8 30. Bd4 Nxd4 31. cxd4 Re8 32. Re1 Rxe1+ 33. Qxe1 Kf7
34. Qe5 Qe6 35. Qh8 Qe1+ 36. Kh2 Qxf2 37. Qxh7+ Kf8 38. Qh8+ Kf7 39. Qh7+ Kf8
40. Qh8+ 1/2-1/2

[Event "4NCL Division Three East"]
[Site "Milton Keynes, ENG"]
[Date "2023.05.01"]
[Round "11.45"]
[White "Borrowdale, Graham E"]
[Black "Trevelyan, John"]
[Result "1-0"]
[WhiteElo "1925"]
[BlackElo "1865"]
[PlyCount "97"]
[EventDate "2023.05.01"]
[WhiteTeam "Cambridge University 2"]
[BlackTeam "Rhyfelwyr Essyllwg"]

1. d4 d6 2. Nf3 Nf6 3. c4 Nbd7 4. Nc3 e5 5. dxe5 dxe5 6. g3 c6 7. Bg2 Be7 8.
O-O O-O 9. Qc2 Qc7 10. b3 Nc5 11. Bb2 Bg4 12. Rad1 Rad8 13. h3 Bh5 14. Nh4 Nfd7
15. Nf5 Bf6 16. b4 Ne6 17. g4 Bg6 18. e3 Nb8 19. Ne4 Rxd1 20. Rxd1 Rd8 21.
Nxf6+ gxf6 22. Rxd8+ Qxd8 23. Kh2 b6 24. Bc3 c5 25. b5 Ng7 26. Bf3 Qd7 27. Be4
Bxf5 28. Bxf5 Nxf5 29. Qxf5 Qxf5 30. gxf5 Nd7 31. Kg3 Kf8 32. Kf3 Ke7 33. Ke4
Kd6 34. a4 Nb8 35. a5 Nd7 36. a6 Nb8 37. f3 Nd7 38. Be1 Nb8 39. Bg3 Nd7 40. Bh4
h6 41. Bg3 Nf8 42. Be1 Nd7 43. Bc3 Nb8 44. f4 Nd7 45. Bb2 exf4 46. exf4 h5 47.
Bc3 Nf8 48. Bxf6 Nd7 49. Be5+ 1-0

[Event "4NCL Division Three East"]
[Site "Milton Keynes, ENG"]
[Date "2023.05.01"]
[Round "11.46"]
[White "Van Kemenade, Rudy"]
[Black "Webster, Peter A N"]
[Result "0-1"]
[WhiteElo "1936"]
[BlackElo "1910"]
[PlyCount "96"]
[EventDate "2023.05.01"]
[WhiteTeam "Rhyfelwyr Essyllwg"]
[BlackTeam "Cambridge University 2"]

1. e4 e6 2. Qe2 c5 3. Nf3 Nc6 4. d3 Nd4 5. Nxd4 cxd4 6. c4 dxc3 7. Nxc3 Bc5 8.
g3 Ne7 9. Bg2 O-O 10. O-O d5 11. Rd1 a6 12. d4 Ba7 13. e5 Nc6 14. Be3 f6 15. f4
fxe5 16. fxe5 Bd7 17. Rac1 Qe7 18. b3 Qb4 19. Qd2 Rac8 20. Kh1 Ne7 21. Bg1 Rc6
22. Qb2 Rfc8 23. a3 Qa5 24. b4 Qc7 25. Ne2 Rc2 26. Rxc2 Qxc2 27. Rd2 Qxb2 28.
Rxb2 Bb5 29. Bh3 Nf5 30. Bxf5 exf5 31. Nf4 Rc1 32. Rd2 Ba4 33. h4 Bc2 34. Kh2
Be4 35. g4 fxg4 36. Bf2 g6 37. b5 axb5 38. Rb2 Rc4 39. Rxb5 Bxd4 40. Bxd4 Rxd4
41. Rxb7 Bf5 42. e6 Rxf4 43. Rb8+ Kg7 44. e7 Bd7 45. e8=Q Bxe8 46. Rxe8 h5 47.
Rd8 Ra4 48. Rxd5 Rxa3 0-1

[Event "4NCL Division Three East"]
[Site "Milton Keynes, ENG"]
[Date "2023.05.01"]
[Round "11.51"]
[White "Karumazondo, Ernest"]
[Black "Swanson, Stephen"]
[Result "1/2-1/2"]
[WhiteElo "2080"]
[BlackElo "2215"]
[PlyCount "84"]
[EventDate "2023.05.01"]
[WhiteTeam "Watford A"]
[BlackTeam "Poisoned Pawns"]

1. e4 d6 2. d4 Nf6 3. Nc3 e5 4. dxe5 dxe5 5. Qxd8+ Kxd8 6. f4 Bb4 7. Bd2 Be6 8.
O-O-O exf4 9. Nge2 Nbd7 10. Nxf4 a6 11. Nxe6+ fxe6 12. Bc4 Re8 13. Rhf1 Bd6 14.
Bg5 Be5 15. Ne2 b5 16. Bb3 c5 17. c3 Kc7 18. Bf4 Rad8 19. Bc2 Bxf4+ 20. Nxf4
Ne5 21. Rxd8 Kxd8 22. h3 Ke7 23. g4 g5 24. Nd3 Nfd7 25. b3 Rf8 26. Rxf8 Kxf8
27. Kd2 Ke7 28. Ke3 Nxd3 29. Bxd3 Ne5 30. b4 Kd6 31. Be2 Kc6 32. Bf1 Kb6 33.
Kd2 Kc6 34. Ke3 Kd6 35. Be2 Nc6 36. a3 cxb4 37. axb4 Ke5 38. Bf1 Nd8 39. Be2
Nc6 40. Bd3 h6 41. Bf1 Ne7 42. Be2 Nc6 1/2-1/2

[Event "4NCL Division Three East"]
[Site "Milton Keynes, ENG"]
[Date "2023.05.01"]
[Round "11.52"]
[White "Pickard, Charles"]
[Black "Nelson, Omowale"]
[Result "1-0"]
[WhiteElo "2168"]
[BlackElo "1973"]
[PlyCount "63"]
[EventDate "2023.05.01"]
[WhiteTeam "Poisoned Pawns"]
[BlackTeam "Watford A"]

1. Nf3 Nf6 2. c4 c6 3. d4 d5 4. cxd5 cxd5 5. Nc3 Nc6 6. Bf4 Nh5 7. Bg5 h6 8.
Bh4 g5 9. Bg3 Nxg3 10. hxg3 Bg7 11. e3 Bf5 12. Qb3 O-O 13. Qxd5 Qc8 14. a3 Be6
15. Qb5 a6 16. Qd3 f5 17. Rc1 Rd8 18. Qd2 g4 19. Nh4 Ne5 20. Nd5 Rxd5 21. Rxc8+
Rxc8 22. Be2 Rd6 23. O-O b5 24. Rc1 Rdc6 25. Rxc6 Nxc6 26. Bd3 Rf8 27. Qc2 Na5
28. Qc7 Nc4 29. Qxe7 Rf6 30. d5 Nxb2 31. dxe6 Nxd3 32. Qd8+ 1-0

[Event "4NCL Division Three East"]
[Site "Milton Keynes, ENG"]
[Date "2023.05.01"]
[Round "11.53"]
[White "Rubeck, Jonathan"]
[Black "Weersing, Abigail Riis"]
[Result "0-1"]
[WhiteElo "1918"]
[BlackElo "2095"]
[PlyCount "78"]
[EventDate "2023.05.01"]
[WhiteTeam "Watford A"]
[BlackTeam "Poisoned Pawns"]

1. e4 e6 2. d3 d5 3. Nd2 Nf6 4. Ngf3 c5 5. g3 Nc6 6. Bg2 Be7 7. O-O O-O 8. e5
Nd7 9. Re1 b5 10. c3 Rb8 11. h4 Qc7 12. Qe2 c4 13. d4 b4 14. Nf1 Qa5 15. Bd2
Nb6 16. Ne3 Na4 17. cxb4 Bxb4 18. Bxb4 Qxb4 19. Rab1 Nxb2 20. h5 c3 21. Nc2 Qa4
22. h6 Ba6 23. Qe3 Qxc2 24. Nh4 Qd2 25. Qf3 Qxh6 26. Qxc3 Nc4 27. f4 g5 28. Nf3
gxf4 29. gxf4 Qxf4 30. Kf2 Qf5 31. Rb3 N6a5 32. Rg1 Kh8 33. Rh1 Nxb3 34. axb3
Nb6 35. Rh6 Rbc8 36. Qe3 Rc2+ 37. Kg1 Qg4 38. Ne1 Re2 39. Qc1 Qg3 0-1